Statistics for Middle East Map Quiz - Biggest Cities by Pop

Click here to take the quiz!

General Stats

  • This quiz has been taken 25 times
  • The average score is 15 of 16

Answers on the Map

Answers color-coded by a green-red scale on the quiz's map according to % correct below.
 

Answer Stats

Answer% Correct
Amman
100%
Baghdad
100%
Beirut
100%
Cairo
100%
Dubai
100%
Jerusalem
100%
Tehran
100%
Al Ahmadi
95%
Aleppo
95%
Doha
95%
Muscat
95%
Nicosia
95%
Riyadh
95%
Manama
90%
Sana'a
90%
Istanbul
76%

Score Distribution

Percentile by Number Answered

Percent of People with Each Score

Your Score History

You have not taken this quiz